[Event "Andorra op"]
[Site "Erts - La Massana"]
[Date "2013.07.22"]
[Round "3.10"]
[White "Narciso Dublan, M."]
[Black "Guerra Tulcan, L."]
[Result "1-0"]
[WhiteElo "2536"]
[BlackElo "2372"]
[PlyCount "75"]
[EventDate "2013.??.??"]
[EventType "swiss"]
[EventRounds "9"]

1. d4 Nf6 2. c4 e6 3. Nc3 c5 4. d5 exd5 5. cxd5 d6 6. e4 g6 7. Nge2 Bg7 8. Ng3
O-O 9. Be2 a6 10. a4 Re8 11. O-O Nbd7 12. Bg5 h6 13. Be3 h5 14. f3 Nh7 15. Qd2
Rb8 16. Nh1 Ndf8 17. Nf2 Bd7 18. a5 Bc8 19. Rfb1 b5 20. axb6 Rxb6 21. Ra2 f5
22. Rba1 fxe4 23. Nfxe4 Nf6 24. Bg5 N8h7 25. Nxf6+ Bxf6 26. Bxf6 Qxf6 27. Bxa6
Ng5 28. Bxc8 Rxc8 29. h4 Nf7 30. Ne4 Qd4+ 31. Qxd4 cxd4 32. Rd1 Rc2 33. Rxd4
Rbxb2 34. Rxb2 Rxb2 35. Kh2 Kf8 36. Ra4 Rb8 37. Ra7 Re8 38. Rxf7+ 1-0

[Event "Andorra op"]
[Site "Erts - La Massana"]
[Date "2013.07.22"]
[Round "3.11"]
[White "Abello, S."]
[Black "Cabrera, A."]
[Result "0-1"]
[WhiteElo "2335"]
[BlackElo "2525"]
[PlyCount "56"]
[EventDate "2013.??.??"]
[EventType "swiss"]
[EventRounds "9"]

1. d4 Nf6 2. c4 e6 3. Nc3 c5 4. d5 exd5 5. cxd5 d6 6. e4 g6 7. Nge2 Bg7 8. Ng3
O-O 9. Be2 Nbd7 10. O-O a6 11. a4 h5 12. Bg5 Qb6 13. Qd2 Nh7 14. Bh6 Bxh6 15.
Qxh6 Qxb2 16. Rac1 Ndf6 17. Nd1 Qe5 18. f4 Qe8 19. e5 dxe5 20. f5 Kh8 21. fxg6
fxg6 22. Ne3 Bd7 23. Bd3 e4 24. Bxe4 Nxe4 25. Rxf8+ Qxf8 26. Qxf8+ Nxf8 27.
Nxe4 Re8 28. Rf1 Kg7 0-1

[Event "Andorra op"]
[Site "Erts - La Massana"]
[Date "2013.07.22"]
[Round "3.12"]
[White "Gozzoli, Y."]
[Black "Gaudineau, E."]
[Result "1/2-1/2"]
[WhiteElo "2523"]
[BlackElo "2358"]
[PlyCount "60"]
[EventDate "2013.??.??"]
[EventType "swiss"]
[EventRounds "9"]

1. Nf3 Nf6 2. c4 e6 3. g3 a6 4. Bg2 b5 5. b3 c5 6. O-O Bb7 7. Na3 Qb6 8. e3 Nc6
9. Qe2 Na7 10. Bb2 Be7 11. d4 d6 12. dxc5 dxc5 13. Ne5 O-O 14. Rfd1 Rfd8 15.
Nc2 Bxg2 16. Kxg2 Nc6 17. Qf3 Nxe5 18. Bxe5 Rac8 19. Rxd8+ Rxd8 20. Rd1 Rxd1
21. Qxd1 Qc6+ 22. Qf3 Qxf3+ 23. Kxf3 bxc4 24. bxc4 Nd7 25. Bc7 Kf8 26. Ne1 Ke8
27. Nd3 Bd8 28. Bd6 Be7 29. Bc7 Bd8 30. Bd6 Be7 1/2-1/2

[Event "Andorra op"]
[Site "Erts - La Massana"]
[Date "2013.07.22"]
[Round "3.13"]
[White "Macias Murillo, B."]
[Black "Norwood, DR."]
[Result "0-1"]
[WhiteElo "2298"]
[BlackElo "2491"]
[PlyCount "108"]
[EventDate "2013.??.??"]
[EventType "swiss"]
[EventRounds "9"]

1. d4 g6 2. Nf3 Bg7 3. Bf4 d6 4. e3 Nf6 5. h3 O-O 6. Be2 Nbd7 7. c3 b6 8. O-O
Bb7 9. Bh2 c5 10. Nbd2 Qc7 11. Rc1 a6 12. b4 Rac8 13. a3 Qb8 14. Qb3 Qa8 15.
Rfd1 cxd4 16. cxd4 Rxc1 17. Rxc1 Rc8 18. Qb2 b5 19. Ne1 Nb6 20. Rxc8+ Qxc8 21.
Qc2 Qxc2 22. Nxc2 Ne4 23. Nb1 Bd5 24. Bd3 Ba2 25. Ne1 Bxb1 26. Bxb1 Nc3 27. Bd3
f5 28. Nc2 e5 29. f3 e4 30. Bf1 d5 31. Kf2 Kf7 32. Bf4 Ke6 33. g4 Nc4 34. gxf5+
gxf5 35. fxe4 dxe4 36. Bxc4+ bxc4 37. Ke1 Kd5 38. Kd2 Na4 39. Ne1 c3+ 40. Kc2
Kc4 41. Ng2 Nb2 42. Be5 Bh6 43. h4 Nd3 44. Bf6 Bf8 45. d5 Bxb4 46. axb4 Nxb4+
47. Kb1 Nxd5 48. Bg5 Kb3 49. Ne1 Nb4 50. Kc1 Nd3+ 51. Nxd3 exd3 52. Bd8 d2+ 53.
Kd1 c2+ 54. Kxd2 Kb2 0-1

[Event "Andorra op"]
[Site "Erts - La Massana"]
[Date "2013.07.22"]
[Round "3.14"]
[White "Hamitevici, V."]
[Black "Barbot, P."]
[Result "1/2-1/2"]
[WhiteElo "2482"]
[BlackElo "2355"]
[PlyCount "70"]
[EventDate "2013.??.??"]
[EventType "swiss"]
[EventRounds "9"]

1. Nf3 c5 2. c4 Nc6 3. Nc3 g6 4. e3 Nf6 5. d4 cxd4 6. exd4 d5 7. cxd5 Nxd5 8.
Qb3 Nxc3 9. Bc4 Nd5 10. Bxd5 e6 11. Bxc6+ bxc6 12. O-O Bg7 13. Qa3 Qe7 14.
Qxe7+ Kxe7 15. Bg5+ f6 16. Be3 Bd7 17. Nd2 Rhb8 18. Nc4 Rb5 19. Rfd1 Be8 20.
Rd3 Bf8 21. Ra3 Kd7 22. Ra6 Kc7 23. a3 Kb7 24. Ra5 Rd5 25. Rc1 Rad8 26. f3 g5
27. b4 Bd7 28. Kf2 Be8 29. h4 gxh4 30. Rh1 Bg6 31. Ke2 R8d7 32. Rxh4 Be7 33.
Rh1 Bd8 34. Rxd5 cxd5 35. Nb2 Rc7 1/2-1/2

[Event "Andorra op"]
[Site "Erts - La Massana"]
[Date "2013.07.22"]
[Round "3.17"]
[White "Wegerle, J."]
[Black "Laclau, D."]
[Result "1/2-1/2"]
[WhiteElo "2445"]
[BlackElo "2294"]
[PlyCount "128"]
[EventDate "2013.??.??"]
[EventType "swiss"]
[EventRounds "9"]

1. c4 Nf6 2. g3 g6 3. Bg2 Bg7 4. Nc3 d6 5. d3 Nc6 6. Rb1 e5 7. b4 O-O 8. b5 Nd4
9. e3 Ne6 10. Nge2 Nh5 11. d4 exd4 12. exd4 f5 13. f4 Nf6 14. O-O Re8 15. Qd3
a6 16. b6 c6 17. h3 d5 18. Be3 Nf8 19. cxd5 cxd5 20. Nc1 Be6 21. Nb3 Ne4 22.
Rfc1 Bf7 23. Kh2 Rc8 24. Na4 Qe7 25. Rxc8 Rxc8 26. Nbc5 h5 27. Bf3 Re8 28. Bxe4
dxe4 29. Qd2 Nh7 30. Nc3 Nf6 31. Rd1 Rd8 32. Qe2 Nd5 33. Nxd5 Bxd5 34. a4 Bc6
35. Qc4+ Bd5 36. Qc2 Qd6 37. a5 Rc8 38. Qe2 Bc6 39. d5 Bb5 40. Qf2 Bf8 41. Nxb7
Qa3 42. d6 Rc3 43. d7 Bxd7 44. Rxd7 Rxe3 45. Qc2 Rc3 46. Qd2 Rd3 47. Rxd3 Qxd3
48. Qa2+ Kh7 49. Qf7+ Bg7 50. Qe7 Qd2+ 51. Kg1 e3 52. Nc5 Qf2+ 53. Kh1 Qf3+ 54.
Kg1 Qxg3+ 55. Kh1 Qxh3+ 56. Kg1 Qg3+ 57. Kh1 Qf3+ 58. Kh2 Qxf4+ 59. Kh3 Qf3+
60. Kh2 Qf2+ 61. Kh3 e2 62. Ne6 Qe3+ 63. Kg2 e1=N+ 64. Kf1 Qf3+ 1/2-1/2

[Event "Andorra op"]
[Site "Erts - La Massana"]
[Date "2013.07.22"]
[Round "3.19"]
[White "Tweedie, S."]
[Black "Ibarra Jerez, JC."]
[Result "0-1"]
[WhiteElo "2253"]
[BlackElo "2538"]
[PlyCount "74"]
[EventDate "2013.??.??"]
[EventType "swiss"]
[EventRounds "9"]

1. e4 e6 2. Nc3 d5 3. d3 Nf6 4. Bd2 Nc6 5. g3 dxe4 6. dxe4 Bc5 7. Bg2 O-O 8.
Nf3 e5 9. O-O h6 10. h3 Be6 11. Qe2 a6 12. Rad1 Qe7 13. b3 Rad8 14. Na4 Ba3 15.
c4 Bb4 16. Bxb4 Qxb4 17. Qe3 Bxc4 18. Rxd8 Rxd8 19. Rc1 Be6 20. Nc5 Qb6 21. Qc3
Nd4 22. Nxd4 exd4 23. Qd2 Ne8 24. e5 c6 25. Nxe6 fxe6 26. Re1 Qc5 27. Be4 Nc7
28. Qf4 Rf8 29. Qg4 d3 30. Rf1 d2 31. Qe2 Qd4 32. Qg4 Qxe5 33. Qg6 Rd8 34. Rd1
Kf8 35. f4 Qd4+ 36. Kf1 Nd5 37. Bxd5 Qxd5 0-1

[Event "Andorra op"]
[Site "Erts - La Massana"]
[Date "2013.07.22"]
[Round "3.20"]
[White "Malinarski, Y."]
[Black "Demuth, A."]
[Result "0-1"]
[WhiteElo "2094"]
[BlackElo "2463"]
[PlyCount "48"]
[EventDate "2013.??.??"]
[EventType "swiss"]
[EventRounds "9"]

1. e4 e5 2. Nf3 Nc6 3. d4 exd4 4. Nxd4 Nf6 5. Nxc6 bxc6 6. e5 Qe7 7. Qe2 Nd5 8.
c4 Ba6 9. b3 g6 10. Bb2 Bg7 11. Nd2 Nb4 12. Rd1 c5 13. f4 O-O 14. h4 d6 15. a3
Nc6 16. h5 dxe5 17. Qe4 Bb7 18. f5 Rad8 19. hxg6 fxg6 20. Qe3 Rxf5 21. g4 Qg5
22. Qe2 Nd4 23. Bxd4 Rxd4 24. gxf5 Qg3+ 0-1

[Event "Andorra op"]
[Site "Erts - La Massana"]
[Date "2013.07.23"]
[Round "4.1"]
[White "Rodshtein, M."]
[Black "Cabrera, A."]
[Result "1-0"]
[WhiteElo "2641"]
[BlackElo "2525"]
[PlyCount "73"]
[EventDate "2013.??.??"]
[EventType "swiss"]
[EventRounds "9"]

1. Nf3 Nf6 2. c4 c5 3. Nc3 Nc6 4. d4 cxd4 5. Nxd4 g6 6. e4 Nxd4 7. Qxd4 d6 8.
Be2 Bg7 9. Be3 O-O 10. Qd2 a5 11. O-O a4 12. Bd4 Be6 13. f4 Qa5 14. Rad1 Rfc8
15. b3 axb3 16. axb3 Qb4 17. f5 Bd7 18. Bxf6 Bxf6 19. Nd5 Qxd2 20. Nxf6+ exf6
21. Rxd2 Bc6 22. fxg6 fxg6 23. Rxf6 Ra1+ 24. Rf1 Rxf1+ 25. Bxf1 Re8 26. b4 Kf7
27. Rxd6 Rxe4 28. Rd8 Re1 29. b5 Be4 30. Kf2 Rc1 31. Rd7+ Ke6 32. Rxh7 Rc2+ 33.
Ke3 Bxg2 34. Bxg2 Rxg2 35. Rxb7 Rxh2 36. b6 Kd6 37. Rc7 1-0

[Event "Andorra op"]
[Site "Erts - La Massana"]
[Date "2013.07.23"]
[Round "4.3"]
[White "Vazquez Igarza, R."]
[Black "Burg, T."]
[Result "1/2-1/2"]
[WhiteElo "2571"]
[BlackElo "2479"]
[PlyCount "37"]
[EventDate "2013.??.??"]
[EventType "swiss"]
[EventRounds "9"]

1. Nf3 Nf6 2. c4 b6 3. g3 Bb7 4. Bg2 g6 5. Nc3 Bg7 6. O-O O-O 7. d4 Ne4 8. Nxe4
Bxe4 9. Be3 e6 10. Qd2 d6 11. Bh6 Qe7 12. Bxg7 Kxg7 13. Qc3 Nd7 14. Rfe1 a5 15.
Bf1 e5 16. Rad1 Rfe8 17. Nd2 Bb7 18. dxe5 dxe5 19. Bg2 1/2-1/2

[Event "Andorra op"]
[Site "Erts - La Massana"]
[Date "2013.07.23"]
[Round "4.5"]
[White "Trent, L."]
[Black "Narciso Dublan, M."]
[Result "1/2-1/2"]
[WhiteElo "2420"]
[BlackElo "2536"]
[PlyCount "109"]
[EventDate "2013.??.??"]
[EventType "swiss"]
[EventRounds "9"]

1. e4 e6 2. d4 d5 3. Nd2 Nf6 4. e5 Nfd7 5. c3 c5 6. Ngf3 Be7 7. Bd3 Nc6 8. O-O
a5 9. Re1 a4 10. Bc2 cxd4 11. cxd4 Nb6 12. a3 Bd7 13. Nb1 Na5 14. Nc3 Nac4 15.
Rb1 h6 16. Ne2 Bc6 17. Nf4 Kd7 18. Nd3 Qb8 19. Nd2 Qa7 20. Nc5+ Kc7 21. Bd3
Nxd2 22. Bxd2 Nd7 23. Nxd7 Kxd7 24. Bc3 h5 25. f4 g6 26. Qf3 Bd8 27. Rbd1 Bb6
28. Bb1 Rac8 29. Qd3 Qa6 30. Qf3 Bb5 31. f5 gxf5 32. Bxf5 Rc7 33. Bh3 Kc8 34.
Bb4 Rd7 35. Bd6 Bc4 36. Qf6 Re8 37. Qh4 Qb5 38. Bb4 Bd3 39. Re3 Bg6 40. Rc3+
Kb8 41. Qf2 Rc8 42. Bd6+ Rxd6 43. Rxc8+ Kxc8 44. exd6 Kd7 45. Qf6 Kxd6 46. Bxe6
fxe6 47. Qxg6 Qxb2 48. Qf6 Qe2 49. Qf8+ Kd7 50. Qf7+ Kd6 51. Qf4+ e5 52. Qf8+
Ke6 53. Qe8+ Kd6 54. Qf8+ Ke6 55. Qe8+ 1/2-1/2

[Event "Andorra op"]
[Site "Erts - La Massana"]
[Date "2013.07.23"]
[Round "4.6"]
[White "Berkovich, MA."]
[Black "Iturrizaga Bonelli, E."]
[Result "0-1"]
[WhiteElo "2375"]
[BlackElo "2643"]
[PlyCount "72"]
[EventDate "2013.??.??"]
[EventType "swiss"]
[EventRounds "9"]

1. d4 Nf6 2. Nf3 c5 3. d5 g6 4. Nc3 Bg7 5. e4 d6 6. Bb5+ Nfd7 7. a4 Na6 8. O-O
Nc7 9. Bf4 O-O 10. Qd2 a6 11. Bxd7 Bxd7 12. Bh6 b5 13. Bxg7 Kxg7 14. axb5 axb5
15. b4 cxb4 16. Na2 Na6 17. Nxb4 Nxb4 18. Qxb4 Qc7 19. Nd4 Ra4 20. Qb2 Kg8 21.
Rad1 Rc8 22. Rd3 Qc4 23. Rfd1 Ra2 24. Qc1 b4 25. h4 Bg4 26. f3 Bd7 27. Qg5 f6
28. Qe3 Rca8 29. Kh2 R8a3 30. h5 gxh5 31. Qh6 Rxd3 32. Rxd3 Rxc2 33. Rd1 Rf2
34. Ra1 Ra2 35. Qxh5 Rxa1 36. Nf5 Qc1 0-1

[Event "Andorra op"]
[Site "Erts - La Massana"]
[Date "2013.07.23"]
[Round "4.9"]
[White "Alonso Rosell, A."]
[Black "Camacho Collados, M."]
[Result "1/2-1/2"]
[WhiteElo "2550"]
[BlackElo "2421"]
[PlyCount "51"]
[EventDate "2013.??.??"]
[EventType "swiss"]
[EventRounds "9"]

1. d4 b6 2. c4 Bb7 3. Nc3 Nf6 4. Qc2 e6 5. e4 d6 6. Nf3 Nbd7 7. Be2 g6 8. O-O
Bg7 9. Be3 O-O 10. Rad1 h6 11. d5 exd5 12. exd5 Re8 13. Nd4 Nc5 14. Bf3 a5 15.
b3 Nh7 16. Rfe1 Ng5 17. Be2 Nge4 18. Nxe4 Nxe4 19. Bf1 Nf6 20. h3 Qd7 21. Nb5
Re7 22. Bd4 Rae8 23. Rxe7 Qxe7 24. Rd3 Qd7 25. Qd1 Ba6 26. Nc3 1/2-1/2

[Event "Andorra op"]
[Site "Erts - La Massana"]
[Date "2013.07.23"]
[Round "4.12"]
[White "Midoux, S."]
[Black "Gozzoli, Y."]
[Result "1/2-1/2"]
[WhiteElo "2329"]
[BlackElo "2523"]
[PlyCount "25"]
[EventDate "2013.??.??"]
[EventType "swiss"]
[EventRounds "9"]

1. d4 d5 2. c4 c6 3. cxd5 cxd5 4. Nc3 Nf6 5. Bf4 Nc6 6. e3 a6 7. Rc1 Bf5 8. Nf3
Rc8 9. Bd3 Bxd3 10. Qxd3 e6 11. O-O Bd6 12. Bxd6 Qxd6 13. a3 1/2-1/2

[Event "Andorra op"]
[Site "Erts - La Massana"]
[Date "2013.07.23"]
[Round "4.13"]
[White "Laclau, D."]
[Black "Hamitevici, V."]
[Result "0-1"]
[WhiteElo "2294"]
[BlackElo "2482"]
[PlyCount "38"]
[EventDate "2013.??.??"]
[EventType "swiss"]
[EventRounds "9"]

1. d4 e6 2. Nf3 c5 3. g3 d5 4. Bg2 Nc6 5. O-O Nf6 6. c4 dxc4 7. Qa4 Bd7 8. Qxc4
Na5 9. Qd3 c4 10. Qc2 Bc6 11. Nbd2 Rc8 12. e4 Be7 13. Rd1 b5 14. d5 exd5 15.
Nd4 Qb6 16. Nxc6 Nxc6 17. exd5 Nd4 18. Qb1 O-O 19. h3 c3 0-1

[Event "Andorra op"]
[Site "Erts - La Massana"]
[Date "2013.07.23"]
[Round "4.16"]
[White "Riff, JN."]
[Black "Ibañez Aullana, R."]
[Result "1-0"]
[WhiteElo "2427"]
[BlackElo "2272"]
[PlyCount "61"]
[EventDate "2013.??.??"]
[EventType "swiss"]
[EventRounds "9"]

1. e4 e5 2. Nf3 Nc6 3. Bb5 f5 4. d4 fxe4 5. Nxe5 Nxe5 6. dxe5 c6 7. Be2 Qa5+ 8.
Bd2 Qxe5 9. Bc3 Qg5 10. Bh5+ Kd8 11. g3 Nf6 12. Be2 d5 13. Nd2 Kc7 14. Bd4 Bd6
15. c4 Re8 16. c5 Be5 17. f4 exf3 18. Nxf3 Bxg3+ 19. hxg3 Qxg3+ 20. Kd2 Ne4+
21. Kc2 Bf5 22. Kb3 Qf4 23. Ka3 b6 24. Rh4 Qg3 25. Bg1 Kb7 26. Bh2 Qf2 27. Bg1
Qg3 28. Rc1 g5 29. Rh6 g4 30. Bh2 Qf2 31. Ba6+ 1-0

[Event "Andorra op"]
[Site "Erts - La Massana"]
[Date "2013.07.23"]
[Round "4.17"]
[White "Steil-Antoni, F."]
[Black "Peralta, F."]
[Result "0-1"]
[WhiteElo "2194"]
[BlackElo "2622"]
[PlyCount "92"]
[EventDate "2013.??.??"]
[EventType "swiss"]
[EventRounds "9"]

1. e4 c6 2. d4 d5 3. Nc3 dxe4 4. Nxe4 Bf5 5. Ng3 Bg6 6. Nh3 e6 7. Nf4 Bd6 8.
Bc4 Nf6 9. c3 Nbd7 10. Bb3 O-O 11. Nxg6 hxg6 12. O-O a5 13. Re1 Qc7 14. Qf3
Rfe8 15. Bg5 Nd5 16. a3 a4 17. Ba2 b5 18. Re2 N7b6 19. h3 Bxg3 20. Qxg3 Qxg3
21. fxg3 f6 22. Bf4 Nc4 23. h4 Kf7 24. Rae1 Rac8 25. Bb1 c5 26. dxc5 Rxc5 27.
Be4 e5 28. Bc1 f5 29. Bb1 Nf6 30. Bc2 e4 31. Be3 Nxe3 32. Rxe3 Rd8 33. Bb1 Ke7
34. R3e2 Rcd5 35. Kf1 Re5 36. Rc1 Ng4 37. Ke1 Red5 38. Bc2 Ne5 39. Kf1 Rd2 40.
b3 axb3 41. Bxb3 Rxe2 42. Kxe2 Rd3 43. a4 bxa4 44. Bxa4 Rxg3 45. Kf1 Ng4 46. c4
Ne3+ 0-1

[Event "Andorra op"]
[Site "Erts - La Massana"]
[Date "2013.07.23"]
[Round "4.18"]
[White "Gardela Batlle, J."]
[Black "Steingrimsson, H."]
[Result "0-1"]
[WhiteElo "2184"]
[BlackElo "2557"]
[PlyCount "105"]
[EventDate "2013.??.??"]
[EventType "swiss"]
[EventRounds "9"]

1. Nf3 c5 2. c4 Nc6 3. g3 g6 4. Bg2 Bg7 5. O-O e6 6. e3 Nge7 7. Nc3 Nf5 8. Rb1
O-O 9. Ne1 b6 10. a3 Bb7 11. b4 Rb8 12. Qb3 d6 13. Bb2 Ne5 14. Ne2 Bxg2 15.
Kxg2 d5 16. d3 dxc4 17. dxc4 Qc7 18. e4 Qc6 19. f3 Nxc4 20. exf5 Nxb2 21. Rxb2
Bxb2 22. Qxb2 exf5 23. Nd3 Rfe8 24. h4 Re3 25. Ndf4 Rd8 26. b5 Qd6 27. Kf2 Qe5
28. Qxe5 Rxe5 29. Ra1 Rd2 30. Kf1 h6 31. Ng1 c4 32. a4 c3 33. Nfe2 c2 34. Ke1
Rd3 35. Rc1 Rc5 36. Nh3 Rxf3 37. Kd2 Ra3 38. Rxc2 Rxc2+ 39. Kxc2 Rxa4 40. Nhf4
Ra5 41. Nc3 a6 42. Kb3 axb5 43. Kb4 Kg7 44. Nfd5 g5 45. hxg5 hxg5 46. Nxb6 Ra1
47. Nbd5 Rg1 48. Ne2 Re1 49. Ndc3 Kg6 50. Kxb5 Kh5 51. Kc4 Kg4 52. Kd3 Kf3 53.
Kd4 0-1

[Event "Andorra op"]
[Site "Erts - La Massana"]
[Date "2013.07.23"]
[Round "4.19"]
[White "Kjartansson, G."]
[Black "Morros Faura, R."]
[Result "1-0"]
[WhiteElo "2444"]
[BlackElo "2183"]
[PlyCount "85"]
[EventDate "2013.??.??"]
[EventType "swiss"]
[EventRounds "9"]

1. d4 f5 2. Nf3 Nf6 3. g3 g6 4. Bg2 Bg7 5. O-O O-O 6. b3 d6 7. Bb2 Qe8 8. c4 c6
9. Nbd2 a5 10. a3 Na6 11. Qc2 Bd7 12. Rae1 h6 13. e4 fxe4 14. Nxe4 Qf7 15. Nc3
Bf5 16. Qe2 g5 17. Nd2 Rae8 18. f4 g4 19. Nde4 Nc7 20. Nf2 Qg6 21. Qd2 Bc2 22.
Nce4 Bxb3 23. Qxa5 Bxc4 24. Qxc7 Nd5 25. Qa5 e5 26. Nxd6 Qxd6 27. dxe5 Qe7 28.
Nxg4 Bxf1 29. Bxd5+ cxd5 30. Qxd5+ Kh8 31. Rxf1 Rd8 32. Qe4 Qc5+ 33. Rf2 Rd1+
34. Kg2 h5 35. Nf6 Bxf6 36. exf6 Rf7 37. Qe8+ Qf8 38. Qb5 Qh6 39. Re2 Rd8 40.
Re5 Kg8 41. Rg5+ Kf8 42. Qc5+ Ke8 43. Rg8+ 1-0

[Event "Andorra op"]
[Site "Erts - La Massana"]
[Date "2013.07.23"]
[Round "4.20"]
[White "Garcia Amoros, P."]
[Black "Sachdev, T."]
[Result "1/2-1/2"]
[WhiteElo "2159"]
[BlackElo "2430"]
[PlyCount "101"]
[EventDate "2013.??.??"]
[EventType "swiss"]
[EventRounds "9"]

1. e4 e5 2. Nf3 Nc6 3. Bb5 a6 4. Bxc6 dxc6 5. O-O Qd6 6. d3 Ne7 7. Be3 c5 8.
Nbd2 Nc6 9. Qe2 Be7 10. c3 O-O 11. Rfd1 Bg4 12. h3 Bh5 13. g4 Bg6 14. a3 f6 15.
b4 cxb4 16. axb4 Qe6 17. Nh4 Rfd8 18. Nf5 Bf8 19. f3 Bf7 20. Bf2 g6 21. Ne3 Qe8
22. Nc2 Rd7 23. d4 exd4 24. Nxd4 Nxd4 25. Bxd4 Qe6 26. Rdb1 Qd6 27. Nf1 Rad8
28. Qh2 Qxh2+ 29. Kxh2 Bd6+ 30. Kg2 Be5 31. Bxe5 fxe5 32. b5 Rd3 33. bxa6 bxa6
34. Rxa6 Rxc3 35. Ra5 Rdd3 36. Rxe5 Rxf3 37. Re7 Kf8 38. Rd7 Rfd3 39. Rxd3 Rxd3
40. Rc1 Rd7 41. g5 Ke7 42. Ne3 Be6 43. Kg3 Rd3 44. Kf4 Kd6 45. h4 Rd2 46. Rd1
Rxd1 47. Nxd1 c5 48. Nc3 c4 49. Ne2 Bd7 50. Nc3 Be6 51. Ne2 1/2-1/2

[Event "Andorra op"]
[Site "Erts - La Massana"]
[Date "2013.07.24"]
[Round "5.1"]
[White "Vovk, A."]
[Black "Rodshtein, M."]
[Result "1/2-1/2"]
[WhiteElo "2567"]
[BlackElo "2641"]
[PlyCount "59"]
[EventDate "2013.??.??"]
[EventType "swiss"]
[EventRounds "9"]

1. e4 e6 2. d4 d5 3. Nd2 c5 4. exd5 Qxd5 5. Ngf3 cxd4 6. Bc4 Qd8 7. O-O Nc6 8.
Nb3 a6 9. Nbxd4 Nxd4 10. Nxd4 Bd6 11. Bd3 Qc7 12. Nf3 Bd7 13. Qe2 Bc6 14. h3
Ne7 15. Re1 Ng6 16. Nd4 Bd7 17. Qh5 O-O-O 18. c3 Bh2+ 19. Kh1 Bf4 20. Bf1 Kb8
21. Bxf4 Nxf4 22. Qxf7 e5 23. Nf3 Nxh3 24. Nxe5 Rhf8 25. Nxd7+ Ka7 26. Qxg7
Nxf2+ 27. Kg1 Nh3+ 28. Kh1 Nf2+ 29. Kg1 Nh3+ 30. Kh1 1/2-1/2

[Event "Andorra op"]
[Site "Erts - La Massana"]
[Date "2013.07.24"]
[Round "5.2"]
[White "Lopez Martinez, JM."]
[Black "Norwood, DR."]
[Result "1-0"]
[WhiteElo "2547"]
[BlackElo "2491"]
[PlyCount "67"]
[EventDate "2013.??.??"]
[EventType "swiss"]
[EventRounds "9"]

1. e4 d6 2. d4 Nf6 3. f3 g6 4. Be3 a6 5. c4 Bg7 6. Nc3 O-O 7. Nge2 Nc6 8. Qd2
b5 9. h4 h5 10. O-O-O bxc4 11. Bh6 Rb8 12. g4 e5 13. d5 Nb4 14. Ng3 c6 15. dxc6
Qa5 16. Bxc4 Qc5 17. Bb3 Nxc6 18. Qg5 Nd4 19. Rxd4 Rxb3 20. Rd3 Bxh6 21. Qxh6
Rb7 22. Nxh5 Ne8 23. Ng3 Qf2 24. Nge2 Qb6 25. Rd2 Qd8 26. Qe3 Be6 27. g5 Qa5
28. a3 Nc7 29. h5 Rfb8 30. hxg6 fxg6 31. Qf2 Rxb2 32. Qh4 Kf8 33. Qh8+ Bg8 34.
Qf6+ 1-0

[Event "Andorra op"]
[Site "Erts - La Massana"]
[Date "2013.07.24"]
[Round "5.3"]
[White "Iturrizaga Bonelli, E."]
[Black "Riff, JN."]
[Result "1-0"]
[WhiteElo "2643"]
[BlackElo "2427"]
[PlyCount "69"]
[EventDate "2013.??.??"]
[EventType "swiss"]
[EventRounds "9"]

1. Nf3 c5 2. c4 Nc6 3. d4 cxd4 4. Nxd4 Nf6 5. g3 e6 6. Bg2 Bb4+ 7. Nc3 O-O 8.
O-O a6 9. Nb3 Ne5 10. Qd4 Nc6 11. Qh4 Be7 12. Rd1 d6 13. Bg5 h6 14. Bxf6 Bxf6
15. Qf4 Bxc3 16. Rxd6 Qf6 17. bxc3 Qxc3 18. Bxc6 bxc6 19. Rc1 Qb2 20. Rd2 Qa3
21. Qc7 a5 22. Qxc6 Ba6 23. Qd6 Qa4 24. Nc5 Qb4 25. Nd7 Rfd8 26. Qxb4 axb4 27.
Rcd1 Re8 28. Nb6 Ra7 29. Rd7 Re7 30. Rxe7 Rxe7 31. Rd8+ Kh7 32. Ra8 Bb7 33. Ra7
Rc7 34. f3 Kg6 35. c5 1-0

[Event "Andorra op"]
[Site "Erts - La Massana"]
[Date "2013.07.24"]
[Round "5.5"]
[White "Hamitevici, V."]
[Black "Vazquez Igarza, R."]
[Result "0-1"]
[WhiteElo "2482"]
[BlackElo "2571"]
[PlyCount "70"]
[EventDate "2013.??.??"]
[EventType "swiss"]
[EventRounds "9"]

1. b3 e5 2. Bb2 Nc6 3. e3 Nf6 4. Bb5 Bd6 5. Na3 Na5 6. Be2 a6 7. Nf3 Qe7 8. Qc1
O-O 9. O-O c5 10. d4 cxd4 11. exd4 e4 12. Ne5 Bc7 13. Qg5 d6 14. Nec4 h6 15.
Qd2 Nxc4 16. Nxc4 Nd5 17. a4 Bd7 18. Ne3 Nxe3 19. fxe3 d5 20. Ba3 Qh4 21. g3
Bxg3 22. hxg3 Qxg3+ 23. Kh1 Qh4+ 24. Kg1 Bh3 25. Bd6 Qg5+ 26. Kf2 Qf6+ 27. Bf4
Bxf1 28. Rxf1 g5 29. Ke1 gxf4 30. Rxf4 Qd6 31. c4 f5 32. cxd5 Kh7 33. a5 Rf6
34. Bc4 Rg8 35. Kd1 Qa3 0-1

[Event "Andorra op"]
[Site "Erts - La Massana"]
[Date "2013.07.24"]
[Round "5.9"]
[White "Steingrimsson, H."]
[Black "Abello, S."]
[Result "1/2-1/2"]
[WhiteElo "2557"]
[BlackElo "2335"]
[PlyCount "108"]
[EventDate "2013.??.??"]
[EventType "swiss"]
[EventRounds "9"]

1. Nf3 Nf6 2. c4 g6 3. Nc3 d5 4. cxd5 Nxd5 5. Qb3 Nb6 6. d4 Bg7 7. e4 Bg4 8.
Ng5 O-O 9. Be2 Bxe2 10. Nxe2 Nc6 11. d5 Ne5 12. O-O h6 13. f4 Ng4 14. Nf3 Qd6
15. Qd3 e6 16. h3 Nf6 17. Ng3 Rad8 18. Qe2 Qe7 19. dxe6 Qxe6 20. e5 Nfd5 21.
Bd2 Nd7 22. Kh1 Qb6 23. b3 Rfe8 24. Rae1 a6 25. h4 Nc5 26. f5 Qb5 27. e6 fxe6
28. fxg6 Nd3 29. a4 Qxb3 30. Rb1 Qc2 31. Rxb7 Nc5 32. Ra7 Qxg6 33. Be1 Qd3 34.
Qxd3 Nxd3 35. Rxa6 Ra8 36. Rxa8 Rxa8 37. a5 Ne3 38. Rg1 Bc3 39. Ne4 Bxa5 40.
Bg3 Bb6 41. Nf6+ Kf7 42. Nd7 Nf5 43. Nxb6 Nxg3+ 44. Kh2 cxb6 45. Kxg3 Rg8+ 46.
Kh2 Nf4 47. Ne5+ Ke7 48. g4 Rc8 49. Rf1 Rc2+ 50. Kg3 Nd5 51. g5 Rc3+ 52. Kh2
Rc2+ 53. Kg3 Rc3+ 54. Kh2 Rc2+ 1/2-1/2

[Event "Andorra op"]
[Site "Erts - La Massana"]
[Date "2013.07.24"]
[Round "5.10"]
[White "Lillo Castany, V."]
[Black "Alonso Rosell, A."]
[Result "0-1"]
[WhiteElo "2328"]
[BlackElo "2550"]
[PlyCount "50"]
[EventDate "2013.??.??"]
[EventType "swiss"]
[EventRounds "9"]

1. e4 c6 2. Nc3 d5 3. Nf3 Nf6 4. e5 Ne4 5. Ne2 Qb6 6. d4 e6 7. Nfg1 f6 8. f3
Ng5 9. h4 Nf7 10. f4 c5 11. c3 Nc6 12. Nf3 Be7 13. g3 O-O 14. exf6 Bxf6 15. Bg2
cxd4 16. cxd4 Nh6 17. O-O Bd7 18. Bh3 Nf5 19. Bxf5 exf5 20. Kg2 Be8 21. b3 Bh5
22. Bb2 Qa6 23. Rf2 Nb4 24. Nc3 Rfe8 25. Rd2 Re3 0-1

[Event "Andorra op"]
[Site "Erts - La Massana"]
[Date "2013.07.24"]
[Round "5.11"]
[White "Macias Murillo, B."]
[Black "Ibarra Jerez, JC."]
[Result "1/2-1/2"]
[WhiteElo "2298"]
[BlackElo "2538"]
[PlyCount "34"]
[EventDate "2013.??.??"]
[EventType "swiss"]
[EventRounds "9"]

1. e4 e6 2. d4 d5 3. Nd2 c5 4. exd5 Qxd5 5. Ngf3 cxd4 6. Bc4 Qd6 7. O-O Nf6 8.
Nb3 Nc6 9. Nbxd4 Nxd4 10. Qxd4 Qxd4 11. Nxd4 Bd7 12. Be2 Rc8 13. c4 a6 14. Be3
Bc5 15. a3 a5 16. b3 O-O 17. Rfb1 e5 1/2-1/2